000 00894nam a2200289Ia 4500
005 20220317001510.0
008 161108s2015 s g 000 f s
020 _a9788472231733
100 1 _aVian, Boris
_d1920-1959
245 1 3 _aLa hierba roja
_cBoris Vian ; traducción de Jordi Martí
250 _a3a. edición
300 _a194 páginas
_c21 cm
490 _aAndanzas
534 _tL´herbe rouge
650 1 4 _2LEMB
_aNovela francesa
_ySiglo XX
650 1 4 _2LEMB
_aLiteratura francesa
_ySiglo XX
650 1 4 _2LEMB
_aInfancia en la literatura
650 1 4 _2LEMB
_aFelicidad en la literatura
700 1 _aMartí, Jordi
_911363
942 _2loc
_cBKLIT
264 _aBarcelona
_bTusquets
_c2015
336 _atexto
_btxt
_2rdacontent
337 _asin mediación
_bn
_2rdamedia
338 _avolumen
_bnc
_2rdacarrier
040 _aCO-BoRNBP
_bspa
_erda
_cCO-BoRNBP
084 _aN VIA2
999 _c7174
_d7174